Nové pravidlá na predĺženie lehoty na predkladanie ponúk podľa novely
V rámci článku si predstavíme tieto pravidlá, povieme si, ako sa lehoty predlžujú v prípade podstatnej zmeny podmienok súťaže alebo v prípade neposkytnutia vysvetlenia v lehotách určených ZVO a aké sú rozdiely, ak je zákazka strategická a vzťahuje sa na ňu pôsobnosť zákona č. 142/2024 Z.z. o mimoria...
Saved in:
| Main Author: | |
|---|---|
| Format: | Book Chapter |
| Language: | Slovak |
| Subjects: | |
| Tags: |
No Tags, Be the first to tag this record!
|
MARC
| LEADER | 00000naa a2200000 4500 | ||
|---|---|---|---|
| 001 | 0304575 | ||
| 005 | 20241014092200.7 | ||
| 041 | 0 | |a slo | |
| 044 | |a SK | ||
| 245 | 1 | 0 | |a Nové pravidlá na predĺženie lehoty na predkladanie ponúk podľa novely |c Branislav Hudec |
| 520 | |a V rámci článku si predstavíme tieto pravidlá, povieme si, ako sa lehoty predlžujú v prípade podstatnej zmeny podmienok súťaže alebo v prípade neposkytnutia vysvetlenia v lehotách určených ZVO a aké sú rozdiely, ak je zákazka strategická a vzťahuje sa na ňu pôsobnosť zákona č. 142/2024 Z.z. o mimoriadnych opatreniach pre strategické investície a pre výstavbu transeurópskej dopravnej siete a o zmene a doplnení niektorých zákonov (ďalej len "zákon o strategických investíciách"). | ||
| 610 | 2 | 0 | |a zákonodarstvo obchodné |
| 610 | 2 | 0 | |a zákony |
| 610 | 2 | 0 | |a obstarávanie verejné |
| 610 | 2 | 0 | |a súťaže |
| 610 | 2 | 0 | |a Slovensko |
| 100 | 1 | |a Hudec, Branislav | |